000 00223 a2200097 4500
001 12753
100 _aAir Cdre Jamal Hussain (R)
245 _aAir Power In South Asia
260 _a
_bPAF Book Club
_c
090 _c9751
_d9751
942 _aNUST-CAE
_cM
_c36657
999 _c247826
_d247826